01046 a2200181 45000010006000000050017000060080041000230030015000640400040000790800061001192450033001802500013002132640075002263000019003015050516003200410008008361000020008444224220260407155711.0260407a1979 arg spa dAR-UNSa-BCEJYS aAR-UNSa-BCEJYSbspacAR-UNSa-BCEJYS a16xLógica. Epistemología. Teoría del conocimiento10aIntroducción a la lógica a20a. ed. 1aBuenos Aires :bEUDEBA (Editorial Universitaria de Buenos Aires)c1979 a614 p.c22 cm. a1. Introducción - 2. Los usos del lenguaje - 3. Falacias no formales - 4. La definición - 5. Las proposiciones categóricas - 6. Los silogismos categóricos - 7. Los razonamientos en el lenguaje ordinario - 8. Lógica simbólica - 9. Prueba de validez para razonamientos extensos - 10. Funciones proposicionales - 11. La analogía y la inferencia probable - 12. Las conexiones causales: los métodos de Mill para la investigación experimental - 13. La ciencia y la hipótesis - 14. La probabilidad  aspa1 aCopi, Irving M.